Manaka Hindi Kosa /

Saved in:
Bibliografiske detaljer
Andre forfattere: Varmmā, Rāmacandra, 1890-
Format: Bog
Sprog:English
Udgivet: [Allahabad : s.n., 1962-66].
Fag:
LEADER 01491nam a2200325 i 4500
001 c000256194
003 CARM
005 00000000000000.0
008 841022s1962 ii 0 eng d
019 1 |a 9708022  |5 LACONCORD2021 
035 |a (OCoLC)221938960  |5 LACONCORD2021 
082 0 4 |a 491.433 
245 0 0 |a Manaka Hindi Kosa /  |c Edited by Ram Chandra Varma. 
260 |a [Allahabad :  |b s.n.,  |c 1962-66]. 
300 |a 5 v. 
500 |a Text in Hindi. 
500 |a Includes 37 p. English-Hindi glossary. 
650 0 |a Hindi language  |x Dictionaries. 
700 1 |a Varmmā, Rāmacandra,  |d 1890- 
852 8 |b CARM  |h A1:AQ17C0  |i F01819  |p 0368316  |f BK 
852 8 |b CARM  |h A1:AQ17C0  |i F01819  |p 0368317  |f BK 
852 8 |b CARM  |h A1:AQ17C0  |i F01819  |p 0368318  |f BK 
852 8 |b CARM  |h A1:AQ29E0  |i F01919  |p 0368534  |f BK 
852 8 |b CARM  |h A1:AQ29E0  |i F01919  |p 0368537  |f BK 
999 f f |i 100f9fb4-da5b-50cb-bb20-539a7071c227  |s 74627ec3-b304-5000-be59-a381ec7d25be 
952 f f |p Can circulate  |a CAVAL  |b CAVAL  |c CAVAL  |d CARM 1 Store  |e F01819  |f A1:AQ17C0  |h Other scheme  |i book  |m 0368316 
952 f f |p Can circulate  |a CAVAL  |b CAVAL  |c CAVAL  |d CARM 1 Store  |e F01919  |f A1:AQ29E0  |h Other scheme  |i book  |m 0368534 
952 f f |p Can circulate  |a CAVAL  |b CAVAL  |c CAVAL  |d CARM 1 Store  |e F01919  |f A1:AQ29E0  |h Other scheme  |i book  |m 0368537 
952 f f |p Can circulate  |a CAVAL  |b CAVAL  |c CAVAL  |d CARM 1 Store  |e F01819  |f A1:AQ17C0  |h Other scheme  |i book  |m 0368317 
952 f f |p Can circulate  |a CAVAL  |b CAVAL  |c CAVAL  |d CARM 1 Store  |e F01819  |f A1:AQ17C0  |h Other scheme  |i book  |m 0368318